|
|
|
|
| LEADER |
02239nam a22005055i 4500 |
| 001 |
978-3-642-04609-4 |
| 003 |
DE-He213 |
| 005 |
20151204150454.0 |
| 007 |
cr nn 008mamaa |
| 008 |
100301s2010 gw | s |||| 0|eng d |
| 020 |
|
|
|a 9783642046094
|9 978-3-642-04609-4
|
| 024 |
7 |
|
|a 10.1007/978-3-642-04609-4
|2 doi
|
| 040 |
|
|
|d GrThAP
|
| 050 |
|
4 |
|a QR180-189.5
|
| 072 |
|
7 |
|a MJCM
|2 bicssc
|
| 072 |
|
7 |
|a MED044000
|2 bisacsh
|
| 082 |
0 |
4 |
|a 616.079
|2 23
|
| 100 |
1 |
|
|a Buchwalow, Igor B.
|e author.
|
| 245 |
1 |
0 |
|a Immunohistochemistry: Basics and Methods
|h [electronic resource] /
|c by Igor B. Buchwalow, Werner Böcker.
|
| 264 |
|
1 |
|a Berlin, Heidelberg :
|b Springer Berlin Heidelberg,
|c 2010.
|
| 300 |
|
|
|a X, 153 p.
|b online resource.
|
| 336 |
|
|
|a text
|b txt
|2 rdacontent
|
| 337 |
|
|
|a computer
|b c
|2 rdamedia
|
| 338 |
|
|
|a online resource
|b cr
|2 rdacarrier
|
| 347 |
|
|
|a text file
|b PDF
|2 rda
|
| 505 |
0 |
|
|a Antibodies for Immunohistochemistry -- Antibody Labeling and the Choice of the Label -- Probes Processing in Immunohistochemistry -- Working with Antibodies -- Background Staining, Autofluorescence and Blocking Steps -- Immunostaining Enhancement -- Multiple Multicolor Immunoenzyme Staining -- Multiple Immunofluorescence Staining -- Antigen Detection on Tissues Using Primary Antibody Raised in the Same Species -- Probes for Staining Specific Cellular Organelles -- The Use of Epitope Tags in Histochemistry -- Immunohistochemistry at the Ultrastructural Level -- Diagnostic Immunohistochemistry -- A Picture Is Worth a Thousand Words.
|
| 650 |
|
0 |
|a Medicine.
|
| 650 |
|
0 |
|a Immunology.
|
| 650 |
|
0 |
|a Antibodies.
|
| 650 |
|
0 |
|a Laboratory medicine.
|
| 650 |
|
0 |
|a Cell biology.
|
| 650 |
|
0 |
|a Biology
|x Technique.
|
| 650 |
1 |
4 |
|a Biomedicine.
|
| 650 |
2 |
4 |
|a Immunology.
|
| 650 |
2 |
4 |
|a Biological Techniques.
|
| 650 |
2 |
4 |
|a Cell Biology.
|
| 650 |
2 |
4 |
|a Laboratory Medicine.
|
| 650 |
2 |
4 |
|a Antibodies.
|
| 700 |
1 |
|
|a Böcker, Werner.
|e author.
|
| 710 |
2 |
|
|a SpringerLink (Online service)
|
| 773 |
0 |
|
|t Springer eBooks
|
| 776 |
0 |
8 |
|i Printed edition:
|z 9783642046087
|
| 856 |
4 |
0 |
|u http://dx.doi.org/10.1007/978-3-642-04609-4
|z Full Text via HEAL-Link
|
| 912 |
|
|
|a ZDB-2-SBL
|
| 950 |
|
|
|a Biomedical and Life Sciences (Springer-11642)
|